Spotřební kultura : historie, teorie a výzkum /
Gespeichert in:
| Weitere Verfasser: | |
|---|---|
| Format: | Buch |
| Sprache: | Tschechisch |
| Veröffentlicht: |
Praha
Academia
2014
|
| Ausgabe: | 1. vyd. |
| Schlagworte: | |
| Tags: |
Keine Tags, Fügen Sie das erste Tag hinzu!
|
MARC
| LEADER | 00000nam a22000003a 4500 | ||
|---|---|---|---|
| 001 | 0019571 | ||
| 003 | SK-STU | ||
| 005 | 20161208081757.9 | ||
| 007 | ta | ||
| 008 | 161208s ----xo-----e------000-0-----d | ||
| 020 | |a 978-80-200-2372-8 | ||
| 040 | |a STU |b slo | ||
| 041 | 0 | |a cze | |
| 044 | |a xr | ||
| 100 | 1 | |a Zahrádka, Pavel |4 edt | |
| 245 | 1 | 0 | |a Spotřební kultura : |b historie, teorie a výzkum / |c ed. Pavel Zahrádka |
| 246 | 3 | 1 | |a Don't buy this book |
| 250 | |a 1. vyd. | ||
| 260 | |a Praha |b Academia |c 2014 | ||
| 300 | |a 438 s. | ||
| 650 | 0 | 7 | |a sociológia |
| 650 | 0 | 7 | |a sociológia spotreby |
| 650 | 0 | 7 | |a spotrebiteľské správanie |
| 996 | |b 284M087053 |c M* 13895-1 |l MMKN |s A |a 24 |w 0019571_0001 | ||